Implementación de una IVR en un PBX Asterisk

Se realiza un estudio sobre la implementación de sistemas IVR utilizando el PBX Asterisk. Analizar la estructura y lógica del plan de marcación para implementar un sistema IVR. Explicar los conceptos básicos sobre el funcionamiento del Asterisk Gateway Interface para comprender como puede usar...

Full description

Bibliographic Details
Main Authors: Rueda Mendoza, Lesther Antonio, Loaisiga Icaza, Milvio
Other Authors: Tutor: Dalla-Torre Parrales, Cedrick Elksnher
Format: Tesis Section = Libro
Language:Undetermined
Spanish
Published: Managua UNI 2011
Subjects:
LEADER 01222nam a2200253Ia 4500
008 240830s9999 xx 000 0 und d
040 |a BIBLIOTECA-RUSB/ T.Mon 621.385 R918 
041 |a spa 
082 |a T.Mon 621.385 R918 
100 1 |a Rueda Mendoza, Lesther Antonio 
100 1 |b  Loaisiga Icaza, Milvio 
245 1 0 |a Implementación de una IVR en un PBX Asterisk 
260 |a Managua  |b UNI  |c 2011 
300 |a 43 p. :il. 
500 |a Contiene: anexos. 
502 |a Tesis (Ingeniero Electrónico) - UNI, 2011. 
520 3 |a Se realiza un estudio sobre la implementación de sistemas IVR utilizando el PBX Asterisk. Analizar la estructura y lógica del plan de marcación para implementar un sistema IVR. Explicar los conceptos básicos sobre el funcionamiento del Asterisk Gateway Interface para comprender como puede usarse para extender la funcionalidad de los sistemas IVR. Implementar un sistema IVR funcional, más no rico en características, utilizando softphones SIP. 
650 7 |a SISTEMA TELEFONICO-IVR 
650 7 |b  SISTEMA IVR 
650 7 |c  ASTERISK—PLATAFORMA DE TELEFONIA I 
700 1 |a Tutor:  |b Dalla-Torre Parrales, Cedrick Elksnher 
942 |c BK  |2 ddc 
991 |a TESIS 
999 |c 21872